| 000 | 00346 a2200157 4500 | ||
|---|---|---|---|
| 001 | 153119 | ||
| 040 | _cEscola São Tomás de Aquino | ||
| 100 | _aRITER, Caio | ||
| 240 | 1 | 0 |
_aA filha das sombras _lpor |
| 245 | 1 | 0 | _aA filha das sombras |
| 300 | _a138 | ||
| 362 | 0 | _a2011 | |
| 440 | 1 | _aEdelbra | |
| 697 | _a*LITERATURA JUVENIL | ||
| 942 | _cBK | ||
| 999 |
_c153119 _d153119 |
||